Olosz Lajos centenárium. Ágya, 1991

Elmentve itt :
Bibliográfiai részletek
Szerző: DÁVID Gyula
Adatforrás:Meister
Forrásdokumentuma:Művelődés. -
9 sz., 1991, 7 p.
Nyelv:magyar
Kulcsszavak:művelődési élet
kulturális intézmények
irodalmi körök
Agya
OLOSZ Lajos
Tóth Árpád Irodalmi Kör (Arad)
Körösmente Irodalmi és Művelődési Társaság (Köröskisjenő)
Olosz Lajos Irodalmi Kör (Zerind)
LEADER 00641nab a2200205 i 4500
001 bibPRO00002865
008 060524s1991 xx hun
040 |a Sz1 
041 |a hun 
100 1 |a DÁVID Gyula 
245 1 0 |a Olosz Lajos centenárium. Ágya, 1991  |c DÁVID Gyula 
695 |a művelődési élet 
695 |a kulturális intézmények 
695 |a irodalmi körök 
695 |a Agya 
695 |a OLOSZ Lajos 
695 |a Tóth Árpád Irodalmi Kör (Arad) 
695 |a Körösmente Irodalmi és Művelődési Társaság (Köröskisjenő) 
695 |a Olosz Lajos Irodalmi Kör (Zerind) 
773 0 |t Művelődés. -  |g 9 sz., 1991, 7 p.